Statistical Abstract 2006 (Record no. 198)

MARC details
000 -LEADER
fixed length control field 00416nam a22001337a 4500
008 - FIXED-LENGTH DATA ELEMENTS--GENERAL INFORMATION
fixed length control field 230602b xxu||||| |||| 00| 0 eng d
020 ## - INTERNATIONAL STANDARD BOOK NUMBER
International Standard Book Number 9966767037
082 ## - DEWEY DECIMAL CLASSIFICATION NUMBER
Classification number 316.6762
Item number CBS
100 ## - MAIN ENTRY--PERSONAL NAME
Titles and words associated with a name Central Burial and Statistics
Dates associated with a name 2006
245 ## - TITLE STATEMENT
Title Statistical Abstract 2006
260 ## - PUBLICATION, DISTRIBUTION, ETC. (IMPRINT)
Place of publication, distribution, etc. Nairobi
Name of publisher, distributor, etc. Central Burial and Statistics, Ministry of Planning and National Development, Nairobi
300 ## - PHYSICAL DESCRIPTION
Extent xii:313 p
942 ## - ADDED ENTRY ELEMENTS (KOHA)
Source of classification or shelving scheme Dewey Decimal Classification
Koha item type Books
Holdings
Withdrawn status Lost status Source of classification or shelving scheme Damaged status Not for loan Home library Current library Date acquired Total Checkouts Full call number Barcode Date last seen Price effective from Koha item type Checked out
    Dewey Decimal Classification     Bunge Tower Library Bunge Tower Library 06/02/2023   316.6762 CBS 10014961 06/02/2023 06/02/2023 Books  
    Dewey Decimal Classification     Bunge Tower Library Bunge Tower Library 06/02/2023   316.6762 CBS 10014960 06/02/2023 06/02/2023 Books 12/20/2019
    Dewey Decimal Classification     Bunge Tower Library Bunge Tower Library 06/02/2023   316.6762 CBS 10014959 06/02/2023 06/02/2023 Books  
    Dewey Decimal Classification     County Hall Archives County Hall Archives 06/20/2023   316.6762 CBS 10015940 06/20/2023 06/20/2023 Books  
LIBRARY OPENING HOURS

When the Parliament is sitting: 8.00a.m - 7.00p.m or until the house adjourns
Mondays and Fridays and when the House is on Recess:  8.00a.m - 5.00p.m
Closed on Weekends and Public Holidays

Online Public Access Catalog (OPAC)
Website: http://www.parliament.go.ke
Bunge Library: https://libraryir.parliament.go.ke
Contact: library@parliament.go.ke | Tel no: (254-2)2221291 or 2848000 Ext 5043